Milton Keynes | Parishes by Population 2021 - Statistics

General Stats
  • This quiz has been taken 2 times
  • The average score is 2 of 47
Answer Stats
# Pop. Parish % Correct
1 27,227 Shenley Brook End
100%
2 23,282 West Bletchley
50%
20 4,218 Abbey Hill
0%
40 302 Astwood
0%
3 21,471 Bletchley and Fenny Stratford
0%
35 634 Bow Brickhill
0%
13 9,657 Bradwell
0%
12 10,602 Broughton
0%
44 186 Calverton
0%
5 15,754 Campbell Park
0%
29 1,112 Castlethorpe
0%
19 4,773 Central Milton Keynes
0%
45 148 Clifton Reynes
0%
34 716 Emberton
0%
25 2,521 Fairfields
0%
47 127 Gayhurst
0%
4 20,470 Great Linford
0%
24 2,722 Hanslope
0%
30 1,083 Haversham-cum-Little Linford
0%
14 8,552 Kents Hill, Monkston and Brinklow
0%
46 143 Lathbury
0%
28 1,472 Lavendon
0%
37 449 Little Brickhill
0%
18 6,238 Loughton & Great Holm
0%
15 8,030 Milton Keynes
0%
38 338 Moulsoe
0%
22 3,509 New Bradwell
0%
6 15,586 Newport Pagnell
0%
39 321 Newton Blossomville
0%
33 723 North Crawley
0%
32 868 Old Woughton
0%
17 6,600 Olney
0%
41 238 Ravenstone
0%
7 14,806 Shenley Church End
0%
31 985 Sherington
0%
27 1,702 Simpson and Ashland
0%
11 11,361 Stantonbury
0%
36 566 Stoke Goldington
0%
16 7,873 Stony Stratford
0%
43 225 Tyringham and Filgrave
0%
10 12,077 Walton
0%
26 2,322 Wavendon
0%
42 230 Weston Underwood
0%
23 3,267 Whitehouse
0%
21 3,675 Woburn Sands
0%
8 14,493 Wolverton and Greenleys
0%
9 13,423 Woughton on the Green
0%
No matching quizzes found
Score Distribution
Percent of People with Each Score
Percentile by Number Answered
Your Score History
You have not taken this quiz